Mačka v nákupnom vreci

Pôsobenie reklamy na spotrebiteľa a jeho nákupné správanie. Vplyv produktu na životné prostredie. Energia ukrytá v tovare. Výrobky Faire trade - nevýhoda vysokej ceny. Zdravotné hľadisko pri nákupoch. Uvedomelý spotrebiteľ.

Gespeichert in:
Bibliographische Detailangaben
1. Verfasser: Svoreňová, Soňa
Weitere Verfasser: Feik, Michal
Format: Buchkapitel
Sprache:Slowakisch
Schlagworte:
Tags: Tag hinzufügen
Keine Tags, Fügen Sie das erste Tag hinzu!

MARC

LEADER 00000naa$a2200000$$$4500
001 0110509
005 20240502072224.2
041 0 |a slo 
044 |a SK 
245 1 0 |a Mačka v nákupnom vreci  |c Soňa Svoreňová, Michal Feik 
520 |a Pôsobenie reklamy na spotrebiteľa a jeho nákupné správanie. Vplyv produktu na životné prostredie. Energia ukrytá v tovare. Výrobky Faire trade - nevýhoda vysokej ceny. Zdravotné hľadisko pri nákupoch. Uvedomelý spotrebiteľ. 
610 2 0 |a obchod 
610 2 0 |a nákup 
610 2 0 |a produkty 
610 2 0 |a spotrebitelia 
610 2 0 |a správanie spotrebiteľa 
610 2 0 |a zdravie 
610 2 0 |a ochrana prostredia životného 
610 2 0 |a reklama 
100 1 |a Svoreňová, Soňa 
700 1 |a Feik, Michal